000
00227 a2200097 4500
001
16187
100
_a
Singer, F L
245
_a
Engineering Mechanics Statics and Dynamics
260
_a
_b
Harper & Row
_c
090
_c
12470
_d
12470
942
_a
NUST-CAE
_c
M
_c
2748
999
_c
251260
_d
251260